| 000 | 00642nam a2200241Ia 4500 | ||
|---|---|---|---|
| 003 | OSt | ||
| 005 | 20221007071310.0 | ||
| 006 | a|||||r|||| 00| 0 | ||
| 007 | ta | ||
| 008 | 221006b |||||||| |||| 00| 0 eng d | ||
| 024 | _a24,814 | ||
| 037 | _cTextual | ||
| 040 |
_aFLL _cFLL _beng |
||
| 041 |
_2eng _aeng |
||
| 082 | _aZ3,3,52, L4 | ||
| 100 |
_aBower George Spencer _9688467 |
||
| 245 | 0 | _aLaw of actionable misrepresentation | |
| 250 | _a3rd | ||
| 260 |
_aLondon _bButterworth & Co. UK _c1974 |
||
| 300 |
_alxiv,488p _ccm. |
||
| 942 |
_hZ3,3,52, L4 _cTEXL _2CC |
||
| 999 |
_c1142981 _d1142981 |
||